000
00308nam a22001097a 4500
008
150820b xxu||||| |||| 00| 0 eng d
020
_a
0465097278
082
_a
309.173 BELL
100
_a
BELL, DANIEL
245
_a
THE CULTURE CONTRADICTIONS OF CAPITALISM
260
_a
NEW YORK
_b
BASIC BOOKS, INC., PUBLISHERS
_c
1978
999
_c
346
_d
346